Laboratory performance tests for automotive gear lubricants intended for API GL-5 service / (Record no. 16016)

000 -LEADER
fixed length control field 00574cam a2200169 a 4500
020 ## - INTERNATIONAL STANDARD BOOK NUMBER
ISBN 0803109407 (pbk.)
040 ## - CATALOGING SOURCE
Transcribing agency DLC
082 00 - DEWEY DECIMAL CLASSIFICATION NUMBER
Classification number 629 AST 1987 A083 Or.
245 00 - TITLE STATEMENT
Title Laboratory performance tests for automotive gear lubricants intended for API GL-5 service /
260 ## - PUBLICATION, DISTRIBUTION, ETC. (IMPRINT)
Place of publication Philadelphia, PA :
Name of publisher ASTM
Year of publication c1987.
300 ## - PHYSICAL DESCRIPTION
Number of Pages 105 p. :
Other physical details ill. ;
Dimensions 28 cm.
500 ## - GENERAL NOTE
General note "ASTM publication code number (PCN) 04-51200112."
650 #0 - SUBJECT ADDED ENTRY--TOPICAL TERM
Topical Term Lubrication and lubricants
650 #0 - SUBJECT ADDED ENTRY--TOPICAL TERM
Topical Term Automobiles
710 2# - ADDED ENTRY--CORPORATE NAME
Corporate name or jurisdiction name as entry element ASTM Committee D-2 on Petroleum Products and Lubricants.
942 ## - ADDED ENTRY ELEMENTS (KOHA)
Koha item type សៀវភៅភាសាអង់គ្លេស
952 ## - LOCATION AND ITEM INFORMATION (KOHA)
Withdrawn status [LOCAL, KOHA] 0
Holdings
Permanent Location Date acquired Koha item type Lost status Shelving location Barcode Current Location Full call number
Library Block A2017-12-26សៀវភៅភាសាអង់គ្លេស A083A11902Library Block A629 AST 1987 A083 Or.
មជ្ឈមណ្ឌលឯការនៃសាកលវិទ្យាល័យភូមិន្ទកសិកម្មចំការដូង

Powered by Koha